00481nam a22001697a 450000500170000000800410001702000220005808200180008010000250009824500490012325000130017226000470018530000260023254100090025865000130026770000310028020230529062255.0221203b |||||||| |||| 00| 0 eng d a978-981-48-3969-3 a515 L334 2019 aLarson, Roneauthor  aCalculus /cRon Larson, and Bruce H. Edwards a11th ed. aSingapore:bCengage Learning Asia,cc2019. axiii, [1048]p.;bill. e6553 aCalculus aEdwards, Bruce H.eauthor